Property Litigation Association Autumn Training day (Record no. 109171)

MARC details
000 -LEADER
fixed length control field 01409cad a22003255a 4500
001 - CONTROL NUMBER
control field L146443
008 - FIXED-LENGTH DATA ELEMENTS--GENERAL INFORMATION
fixed length control field 080430s2008 xxk f 100 0 eng d
035 ## - SYSTEM CONTROL NUMBER
System control number (Sirsi) u146443
041 0# - LANGUAGE CODE
Language code of text/sound track or separate title eng
050 04 - LIBRARY OF CONGRESS CALL NUMBER
Classification number 346.41043 $2 18
111 2# - MAIN ENTRY--MEETING NAME
Meeting name or jurisdiction name as entry element Property Litigation Association Autumn Training Day
Number [OBSOLETE] London
245 00 - TITLE STATEMENT
Title Property Litigation Association Autumn Training day
Remainder of title November 2008
Medium [electronic resource]
260 ## - PUBLICATION, DISTRIBUTION, ETC.
Place of publication, distribution, etc. [S.l.]
Name of publisher, distributor, etc. PLA
Date of publication, distribution, etc. 2008
505 2# - FORMATTED CONTENTS NOTE
Formatted contents note Wriggling out of purchase obligations -- Costs: a summary of three important cases -- Running uphill in rent reviews -- Guarantees and indemnities: relying on the twelfth man -- Tenant default -- Where are we now on service charge? -- Without prejudice privilege, confidentiality and mediation -- Keeping property professionals up to scratch
520 ## - SUMMARY, ETC.
Summary, etc. Collection of conference papers from the Property Litigation Association's 2008 Autumn training day.
521 2# - TARGET AUDIENCE NOTE
Target audience note Advanced
590 ## - LOCAL NOTE (RLIN)
Local note KA
651 #4 - SUBJECT ADDED ENTRY--GEOGRAPHIC NAME
Geographic name United Kingdom
Chronological subdivision
690 ## - LOCAL SUBJECT ADDED ENTRY--TOPICAL TERM (OCLC, RLIN)
Topical term or geographic name as entry element PROPERTY
700 1# - ADDED ENTRY--PERSONAL NAME
Personal name Seitler, Jonathan
700 1# - ADDED ENTRY--PERSONAL NAME
Personal name Scott,Tiffany
700 1# - ADDED ENTRY--PERSONAL NAME
Personal name Karas, Jonathan
700 1# - ADDED ENTRY--PERSONAL NAME
Personal name Hutchings, Martin
700 1# - ADDED ENTRY--PERSONAL NAME
Personal name Greenhill, Julian
700 1# - ADDED ENTRY--PERSONAL NAME
Personal name Furber, John
700 1# - ADDED ENTRY--PERSONAL NAME
Personal name Black,Charlotte
700 1# - ADDED ENTRY--PERSONAL NAME
Personal name Wicks, Joanne
856 40 - ELECTRONIC LOCATION AND ACCESS
Uniform Resource Identifier <a href="https://www.pla.org.uk/library/conference_papers">https://www.pla.org.uk/library/conference_papers</a>
Public note View the conference papers free of charge at www.pla.org.uk...
942 ## - ADDED ENTRY ELEMENTS (KOHA)
Suppress in OPAC 0
Holdings
Withdrawn status Lost status Source of classification or shelving scheme Damaged status Not for loan Home library Current library Shelving location Date acquired Total Checkouts Full call number Barcode Date last seen Copy number Price effective from Koha item type
    Dewey Decimal Classification     Virtual Virtual Online 21/01/2009   ONLINE PUBLICATION 146443-2001 06/08/2019 1 06/08/2019 Book